Eastern Utah Libraries Catalog: Duchesne, Heber, Roosevelt, & Vernal

The book of Sheen : (Record no. 411939)

MARC details
000 -LEADER
fixed length control field 02090cam a2200325 i 4500
001 - CONTROL NUMBER
control field in903044830
005 - DATE AND TIME OF LATEST TRANSACTION
control field 20251007132226.0
008 - FIXED-LENGTH DATA ELEMENTS--GENERAL INFORMATION
fixed length control field 250814s2025 nyua 000 0aeng d
020 ## - INTERNATIONAL STANDARD BOOK NUMBER
International Standard Book Number 9781668075289
Qualifying information (hardcover)
035 ## - SYSTEM CONTROL NUMBER
System control number (OCoLC)1524916057
040 ## - CATALOGING SOURCE
Original cataloging agency TnLvILS
Language of cataloging eng
Description conventions rda
Transcribing agency TnLvILS
Modifying agency TnLvILS
043 ## - GEOGRAPHIC AREA CODE
Geographic area code n-us---
050 #4 - LIBRARY OF CONGRESS CALL NUMBER
Classification number PN2287.S3714
Item number A3 2025
082 04 - DEWEY DECIMAL CLASSIFICATION NUMBER
Classification number 791.4302/8092
-- B
Edition number 23
092 ## - LOCALLY ASSIGNED DEWEY CALL NUMBER (OCLC)
Classification number general nonfiction
Item number 92 Sheen, Charlie
100 1# - MAIN ENTRY--PERSONAL NAME
Personal name Sheen, Charlie,
Relator term author.
9 (RLIN) 32514
245 14 - TITLE STATEMENT
Title The book of Sheen :
Remainder of title a memoir /
Statement of responsibility, etc Charlie Sheen.
250 ## - EDITION STATEMENT
Edition statement First Gallery Books hardcover edition.
264 #1 - Production, Publication, Distribution, Manufacture, and Copyright Notice.
Place of production, publication, distribution, manufacture New York :
Name of producer, publisher, distributor, manufacturer Gallery Books,
Date of production, publication, distribution, manufacture, or copyr 2025.
300 ## - PHYSICAL DESCRIPTION
Extent 359 pages :
Other physical details illustrations (chiefly color) ;
Dimensions 24 cm
336 ## - Content Type
Content type term text
337 ## - Media type
Media type term unmediated
338 ## - Carrier type
Carrier type term volume
520 ## - SUMMARY, ETC.
Summary, etc "Charlie Sheen was born the third of four children to actor Martin Sheen and his wife Janet. He grew up on film sets--from his father's all over the world, to his own in Malibu. There he made ambitious Super 8s, with a roster of friends who went on to become household names themselves, including his brother Emilio, Sean and Chris Penn, and the Lowe brothers. Sheen broke into movies in the 1980s, playing a hoodlum in Ferris Bueller's Day Off, a young soldier in Platoon, and an ethically compromised trader in Wall Street. But somewhere along the way, despite a successful transition to TV leading man in Spin City and Two and a Half Men, Sheen descended into a vortex of extracurricular activities. Now sober, Sheen delivers a clear-eyed narrative of his highs and lows with humor, candor, and a vivid ... writing style that is uniquely his. The Book of Sheen reads like a far-fetched, overstuffed novel of Hollywood life--yet it is all true"--
600 10 - SUBJECT ADDED ENTRY--PERSONAL NAME
Personal name Sheen, Charlie.
9 (RLIN) 32514
650 #0 - SUBJECT ADDED ENTRY--TOPICAL TERM
Topical term or geographic name as entry element Motion picture actors and actresses
Geographic subdivision United States
Form subdivision Biography.
9 (RLIN) 5685143
650 #0 - SUBJECT ADDED ENTRY--TOPICAL TERM
Topical term or geographic name as entry element Television actors and actresses
Geographic subdivision United States
Form subdivision Biography.
9 (RLIN) 5694639
655 #7 - INDEX TERM--GENRE/FORM
Genre/form data or focus term Autobiographies.
Source of term lcgft
942 ## - ADDED ENTRY ELEMENTS (KOHA)
Source of classification or shelving scheme Dewey Decimal Classification
Koha item type BOOK
Holdings
Withdrawn status Lost status Source of classification or shelving scheme Damaged status Not for loan Collection code Home library Current library Shelving location Date acquired Source of acquisition Total Checkouts Total Renewals Full call number Barcode Date last seen Date checked out Cost, replacement price Price effective from Koha item type
    Dewey Decimal Classification     General NonFiction Wasatch County Library Wasatch County Library Second Floor 10/07/2025 Ingram 4 3 92 Sheen 34301002102343 02/19/2026 01/23/2026 35.00 10/07/2025 BOOK
This project was made possible through a grant from the Institute of Museum and Library Service administered by the Utah State Library Division.

Wasatch County Library

  • 465 East 1200 South, Heber City, Utah 84032
  • Phone 435-654-1511 | Fax 435-654-6456

Hours

  • Monday - Friday 9:30 AM - 8:00 PM
  • Saturday 9:30 AM - 1:30 PM
  • Closed Sundays and Holidays